| 000 | 00647nam a2200181 u 4500 | ||
|---|---|---|---|
| 001 | 000020325 | ||
| 005 | 20200929170352.0 | ||
| 008 | 100802s2015 dr 000 0 spa d | ||
| 020 | _a9789945588606 | ||
| 040 |
_aDO-SdBNP _bspa _cBNPHU |
||
| 082 |
_axxxxxxxxx _bxxxxxxxxx |
||
| 100 | 1 |
_aLópez Peña, Elba Lucia _942971 |
|
| 245 | 1 | 3 |
_aLa dualidad del ser, rosto íntimo / _cElba Lucia López Peña ; prólogo Eduardo García Michel. |
| 260 |
_aSanto Domingo : _bRumbo Norte, _c2015. |
||
| 300 |
_a112 p. ; _c23 cm. |
||
| 500 | _aIncluye datos biográficos del autor en la solapa de la cubierta | ||
| 700 | 1 |
_aGarcía Michel , Eduardo, _epról. _99281 |
|
| 999 |
_c19829 _d19829 |
||